Library Logo

Pioneer International University Library Catalogue

ENTREPRENEURSHIP (Record no. 6452)

MARC details
000 -LEADER
fixed length control field 00276nam a22000977a 4500
005 - DATE AND TIME OF LATEST TRANSACTION
control field 20250901165609.0
008 - FIXED-LENGTH DATA ELEMENTS--GENERAL INFORMATION
fixed length control field 240207b |||||||| |||| 00| 0 eng d
050 ## - LIBRARY OF CONGRESS CALL NUMBER
Classification number HD62.5 .H57 2008
245 ## - TITLE STATEMENT
Title ENTREPRENEURSHIP
Statement of responsibility, etc. Hisrich, Robert
942 ## - ADDED ENTRY ELEMENTS (KOHA)
Source of classification or shelving scheme Library of Congress Classification
Classification part HD62.5 .H57 2008
Holdings
Withdrawn status Lost status Source of classification or shelving scheme Damaged status Not for loan Home library Current library Shelving location Date acquired Total checkouts Full call number Barcode Date last seen Price effective from Koha item type
    Library of Congress Classification     Main Library Main Library   02/07/2024   HD62.5 .H57 2008 PIU0001264 02/07/2024 02/07/2024 Books